Cómo vencer la ansiedad : (Record no. 90466)

MARC details
000 -CABECERA
campo de control de longitud fija 00647nam a2200205 a 4500
005 - FECHA Y HORA DE LA ÚLTIMA TRANSACCIÓN
campo de control 20230130063537.0
008 - ELEMENTOS DE LONGITUD FIJA--INFORMACIÓN GENERAL
campo de control de longitud fija 010828s1999 r 000 0 eng d
020 ## - NÚMERO INTERNACIONAL NORMALIZADO PARA LIBROS
Número Internacional Estándar del Libro 8433014226
035 ## - NÚMERO DE CONTROL DEL SISTEMA
Número de control de sistema UPN01000118075
049 ## - COLECCIÓN
Colección CG
050 #4 - SIGNATURA TOPOGRÁFICA DE LA BIBLIOTECA DEL CONGRESO
Número de clasificación BF575 A6
Número de documento/Ítem P4.28
100 1# - ASIENTO PRINCIPAL--NOMBRE PERSONAL
Nombre de persona Peurifoy, Reneau Z.
245 10 - MENCIÓN DE TÍTULO
Título Cómo vencer la ansiedad :
Resto del título un programa revolucionario para eliminarla definitivamente /
Mención de responsabilidad, etc. Reneau Z. Peurifoy ; tr. Jasone Aldekoa.
260 ## - PUBLICACIÓN, DISTRIBUCIÓN, ETC.
Lugar de publicación, distribución, etc. Bilbao, Esp. :
Nombre del editor, distribuidor, etc. Desclée de Brouwer,
Fecha de publicación, distribución, etc. 1999.
300 ## - DESCRIPCIÓN FÍSICA
Extensión 183 p.
440 #0 - MENCIÓN DE SERIE/ASIENTO SECUNDARIO--TÍTULO
Título Biblioteca de psicología ;
Designación de volumen o secuencia 100
650 #7 - ASIENTO SECUNDARIO DE MATERIA - TERMINO TEMATICO
Término de materia o nombre geográfico como elemento de entrada Ansiedad
Fuente del encabezamiento o término
9 (RLIN) 4750
650 #2 - ASIENTO SECUNDARIO DE MATERIA - TERMINO TEMATICO
Término de materia o nombre geográfico como elemento de entrada Angustia
9 (RLIN) 1048
905 ## - TIPO DE MATERIAL
Tipo de material Libro
Holdings
Estado de retiro Estado de pérdida Fuente del sistema de clasificación o colocación Estado dañado No para préstamo Código de colección Localización permanente Ubicación/localización actual Ubicación en estantería Fecha de adquisición Total de préstamos Clasificación Código de barras Fecha visto por última vez Fecha del último préstamo Número de copia Tipo de ítem Koha
    Library of Congress Classification     Colección General Bib. Gregorio Torres Quintero Bib. Gregorio Torres Quintero Planta baja 30/05/2023 14 BF575 A6 P4.28 190304 13/06/2023 30/05/2023 1 Libro